000 00537nam a2200193Ia 4500
003 OSt
005 20220926045801.0
006 a|||||r|||| 00| 0
007 ta
008 220923b |||||||| |||| 00| 0 eng d
037 _cGeneral Book
040 _aRTL
_cRTL
_beng
041 _2eng
_aeng
082 _aX:54:(G:55), P2/TD
100 _aBEGHIN John,etc
_9350688
245 0 _aTrade and the environment in general equilibrium
942 _hX:54:(G:55), P2/TD
_cGB
_2CC
999 _c678633
_d678633